Kāmāyanī-cintana. (Record no. 65221)
[ view plain ]
| 000 -LEADER | |
|---|---|
| fixed length control field | 00581cam a22002291 4500 |
| 001 - CONTROL NUMBER | |
| control field | sa 65007578 |
| 003 - CONTROL NUMBER IDENTIFIER | |
| control field | DLC |
| 005 - DATE AND TIME OF LATEST TRANSACTION | |
| control field | 20260227112149.0 |
| 008 - FIXED-LENGTH DATA ELEMENTS--GENERAL INFORMATION | |
| fixed length control field | 890627s1965 ii b 000 0 hino |
| 010 ## - LIBRARY OF CONGRESS CONTROL NUMBER | |
| LC control number | sa 65007578 |
| 035 ## - SYSTEM CONTROL NUMBER | |
| System control number | (OCoLC)19931966 |
| 040 ## - CATALOGING SOURCE | |
| Original cataloging agency | DLC |
| Transcribing agency | WaU |
| Modifying agency | DLC |
| 042 ## - AUTHENTICATION CODE | |
| Authentication code | premarc |
| 050 00 - LIBRARY OF CONGRESS CALL NUMBER | |
| Classification number | PK2098.P7 |
| Item number | K3198 |
| 100 1# - MAIN ENTRY--PERSONAL NAME | |
| Personal name | Jain, V. K. |
| 245 10 - TITLE STATEMENT | |
| Title | Kāmāyanī-cintana. |
| 260 ## - PUBLICATION, DISTRIBUTION, ETC. | |
| Date of publication, distribution, etc. | [1965] |
| 300 ## - PHYSICAL DESCRIPTION | |
| Extent | 11, 323 p. |
| Dimensions | 22 cm. |
| 500 ## - GENERAL NOTE | |
| General note | In Hindi. |
| 504 ## - BIBLIOGRAPHY, ETC. NOTE | |
| Bibliography, etc. note | Bibliography: p.[319]-323. |
| 600 10 - SUBJECT ADDED ENTRY--PERSONAL NAME | |
| Personal name | Prasad, Jai Shankar, |
| Dates associated with a name | 1889-1937. |
| Title of a work | Kāmāyanī. |
No items available.